<?xml version="1.0" encoding="UTF-8"?>
<marc:record xmlns:marc="http://www.loc.gov/MARC21/slim">
   <marc:leader>00000nam a2200000 a 4500</marc:leader>
   <marc:datafield ind1="1" ind2=" " tag="100">
      <marc:subfield code="a">Bauer, Christina</marc:subfield>
      <marc:subfield code="4">aut</marc:subfield>
      <marc:subfield code="e">Verfasser/-in</marc:subfield>
   </marc:datafield>
   <marc:datafield ind1=" " ind2=" " tag="653">
      <marc:subfield code="a">Brot backen ohne Sauerteig</marc:subfield>
   </marc:datafield>
   <marc:datafield ind1=" " ind2=" " tag="653">
      <marc:subfield code="a">Brot backen mit Sauerteig</marc:subfield>
   </marc:datafield>
   <marc:datafield ind1=" " ind2=" " tag="653">
      <marc:subfield code="a">Brot backen schnell</marc:subfield>
   </marc:datafield>
   <marc:datafield ind1=" " ind2=" " tag="653">
      <marc:subfield code="a">Brot Rezept einfach</marc:subfield>
   </marc:datafield>
   <marc:datafield ind1=" " ind2=" " tag="653">
      <marc:subfield code="a">Brot backen mit Hefe</marc:subfield>
   </marc:datafield>
   <marc:datafield ind1=" " ind2=" " tag="653">
      <marc:subfield code="a">Brot backen ohne Hefe</marc:subfield>
   </marc:datafield>
   <marc:datafield ind1=" " ind2=" " tag="653">
      <marc:subfield code="a">Vollkornbrot einfach</marc:subfield>
   </marc:datafield>
   <marc:datafield ind1=" " ind2=" " tag="653">
      <marc:subfield code="a">Brot ohne kneten</marc:subfield>
   </marc:datafield>
   <marc:datafield ind1=" " ind2=" " tag="653">
      <marc:subfield code="a">Brot mit Über-Nacht-Gare</marc:subfield>
   </marc:datafield>
   <marc:datafield ind1=" " ind2=" " tag="653">
      <marc:subfield code="a">Brot backen mit wenig Hefe</marc:subfield>
   </marc:datafield>
   <marc:datafield ind1=" " ind2=" " tag="653">
      <marc:subfield code="a">Gewürze</marc:subfield>
   </marc:datafield>
   <marc:datafield ind1=" " ind2=" " tag="653">
      <marc:subfield code="a">Mehle</marc:subfield>
   </marc:datafield>
   <marc:datafield ind1=" " ind2=" " tag="653">
      <marc:subfield code="a">Brot backen keine Zeit</marc:subfield>
   </marc:datafield>
   <marc:datafield ind1=" " ind2=" " tag="653">
      <marc:subfield code="a">Brot Rezepte Vollkorn</marc:subfield>
   </marc:datafield>
   <marc:datafield ind1=" " ind2=" " tag="653">
      <marc:subfield code="a">Softcover / Ratgeber/Essen</marc:subfield>
   </marc:datafield>
   <marc:datafield ind1=" " ind2=" " tag="653">
      <marc:subfield code="a">Trinken/Backen</marc:subfield>
   </marc:datafield>
   <marc:datafield ind1="0" ind2="0" tag="245">
      <marc:subfield code="a">Brot backen mit Christina</marc:subfield>
   </marc:datafield>
   <marc:datafield ind1="0" ind2="0" tag="245">
      <marc:subfield code="b">Einfach gute Rezepte, die ganz sicher gelingen! Vom 20-Minuten-Brot bis zum Sauerteig</marc:subfield>
   </marc:datafield>
   <marc:datafield ind1="0" ind2="0" tag="245">
      <marc:subfield code="c">Christina Bauer</marc:subfield>
   </marc:datafield>
   <marc:datafield ind1=" " ind2="1" tag="264">
      <marc:subfield code="a">Innsbruck</marc:subfield>
      <marc:subfield code="b">Löwenzahn Verlag</marc:subfield>
      <marc:subfield code="c">2021</marc:subfield>
   </marc:datafield>
   <marc:datafield ind1=" " ind2=" " tag="250">
      <marc:subfield code="a">7., mit Fotografien von Nadja Hudovernik und in Gestaltung von Verena Stummer</marc:subfield>
   </marc:datafield>
   <marc:datafield ind1="1" ind2=" " tag="520">
      <marc:subfield code="a">Angaben aus der Verlagsmeldung

Brot backen mit Christina : Einfach gute Rezepte, die ganz sicher gelingen. Vom 20-Minuten-Brot bis zum Sauerteig / von Christina Bauer

50 BROTREZEPTE: FÜR SAUERTEIGJUNKIES, VOLLKORNVERFECHTER UND KEINE-ZEIT-BÄCKER
Freude und ein bisschen Stolz. Kann man spüren, wenn man den Backofen aufmacht und das duftende, selbst gemachte Brot herausnimmt. Brotbacken ist EINFACH, SCHÖN! Vorausgesetzt, man hat GUTE REZEPTE. Also solche, die ganz sicher gelingen und FÜR JEDEN GESCHMACK und vor allem auch in JEDEN ALLTAG passen.

Abschalten und entspannen: beim Kneten, Rühren, Ruhenlassen
Christina Bauer trifft in ihren Backkursen alle Brotbäcker-Typen: die schnellen Frühstücksbrötchen-Verehrer, die Sauerteigliebhaber und die, die am liebsten gar nicht kneten würden. In ihrem neuen Backbuch präsentiert sie daher 50 GANZ UNTERSCHIEDLICHE BROTE: mit SAUERTEIG, aus VOLLKORN, mit HEFE und ÜBER-NACHT-GARE, OHNE KNETEN, die KLASSIKER und die ganz SPEZIELLEN.

MEHLIGE ANGELEGENHEITEN: ALLES WICHTIGE ÜBER ZUTATEN
Aber weil Brotbacken doch ein bisschen mehr ist, als Mehl, Salz, Wasser und Hefe zu verkneten (oder auch nicht) und in den Ofen zu schieben, hat Christina die wichtigsten BROTBACK-BASICS aufgeschrieben: Was macht ein Mehl zu einem guten MEHL. Darf das Brot aus dem Ofen oder möchte es noch ein bisschen im Warmen bleiben. Was tun, wenn das Brot nicht aufgeht und blass ist, statt luftig, kross und schön gebräunt. Und welche BROTGEWÜRZE machen mein Brot besonders lecker.

SCHRITT FÜR SCHRITT ZUM EIGENEN BROT
Bei vielen Rezepten sind die einzelnen Schritte nicht nur genau beschrieben, sondern auch bebildert. Aus ihren Brotbackkursen weiß Christina auch, wo die größten kleinen Fallen lauern. Und räumt sie mit TIPPS gleich vorneweg aus dem Weg. So kann wirklich JEDER SEIN BROT GUT SELBER BACKEN! Und am Sonntagmorgen mit frischen Brötchen in den Tag starten. Oder die Woche mit einem kräftigen, selbst gebackenen Roggenbrot beginnen.

- 50 BROTREZEPTE für Selberbacker: mit und ohne Sauerteig, für Blitzschnelle, Vollkornliebhaber, Knetmuffel und alle, die ihrem Brot gern besonders viel Zeit geben
- ALLE BROT-BASICS, die man wissen muss. Nicht mehr, nicht weniger!
- ganz viele SCHRITT-FÜR-SCHRITT-FOTOS: so gelingt’s bestimmt
- BACKEN MIT SAUERTEIG ganz leicht erklärt: damit man den Teig guten Gewissens gehen lassen kann

Gelingsicher und VIELFACH ERPROBT sind die Rezepte jedenfalls, wie alle von Christina!
</marc:subfield>
   </marc:datafield>
   <marc:datafield ind1=" " ind2=" " tag="020">
      <marc:subfield code="a">9783706626590</marc:subfield>
      <marc:subfield code="9">9783706626590</marc:subfield>
   </marc:datafield>
   <marc:datafield ind1=" " ind2=" " tag="020">
      <marc:subfield code="a">3706626594</marc:subfield>
      <marc:subfield code="9">3706626594</marc:subfield>
   </marc:datafield>
   <marc:datafield ind1=" " ind2=" " tag="041">
      <marc:subfield code="a">ger</marc:subfield>
   </marc:datafield>
   <marc:datafield ind1=" " ind2=" " tag="300">
      <marc:subfield code="a">168 Seiten</marc:subfield>
   </marc:datafield>
</marc:record>
